000 00486nam a2200181Ia 4500
001 18133
005 20260306171608.0
008 260306s9999||||xx |||||||||||||| ||und||
041 _aESP
082 _a658.4012
_bG24
100 _aGarcia Vega, Emilio
_eAUT
245 0 _a¿Qué hace especiales a las empresas?:
_bla ventaja competitiva a inicios del siglo XXI
260 _c2011
300 _a179 páginas :
_c21cm.
650 _aGEN
654 _aCAN
942 _cLIB
_dJUS
_fJUS
_2ddc
_n
999 _c18133
_d18133